000 00759nam a2200241Ia 4500
003 OSt
005 20220926001105.0
006 a|||||r|||| 00| 0
007 ta
008 220923b |||||||| |||| 00| 0 eng d
037 _cGeneral Book
040 _aRTL
_cRTL
_beng
041 _2eng
_aeng
082 _aV2:510aY73(Q7).N5, L9
100 _aChopra P N Ed.
_96754
245 0 _aRole of Indian muslims in the struggle for freedom
260 _a New Delhi
_bLight and Life Publishers India
_c1979
300 _axIvi,234p. 32-33,64-65.
_ccm.
500 _aBibliography:p.223-28; Index:P.229-34
650 _aStruggle for Independence
942 _hV2:510aY73(Q7).N5, L9
_cGB
_2CC
999 _c600422
_d600422